Học làm giàu từ những doanh nhân khổng lồ
Giới thiệu về cuộc đời, thành quả và đặc biệt là những bài học kinh nghiệm của những nhân vật nổi tiếng thế giới trong các lĩnh vực kinh doanh như: sắt thép, ô tô, quần áo cao cấp, dầu lửa, truyền thông......
Đã lưu trong:
| Hovedforfatter: | |
|---|---|
| Format: | Bog |
| Sprog: | Undetermined |
| Udgivet: |
Thành phố Hồ Chí Minh
Trẻ
2005
|
| Fag: | |
| Tags: |
Tilføj Tag
Ingen Tags, Vær først til at tagge denne postø!
|
| Thư viện lưu trữ: | Trung tâm Học liệu Trường Đại học Cần Thơ |
|---|
| LEADER | 00906nam a2200205Ia 4500 | ||
|---|---|---|---|
| 001 | CTU_101478 | ||
| 008 | 210402s9999 xx 000 0 und d | ||
| 020 | |c 12000 | ||
| 082 | |a 330.09 | ||
| 082 | |b Qu106/T.1 | ||
| 100 | |a Hoàng, Đình Quang | ||
| 245 | 0 | |a Học làm giàu từ những doanh nhân khổng lồ | |
| 245 | 0 | |c Hoàng Đình Quang | |
| 260 | |a Thành phố Hồ Chí Minh | ||
| 260 | |b Trẻ | ||
| 260 | |c 2005 | ||
| 520 | |a Giới thiệu về cuộc đời, thành quả và đặc biệt là những bài học kinh nghiệm của những nhân vật nổi tiếng thế giới trong các lĩnh vực kinh doanh như: sắt thép, ô tô, quần áo cao cấp, dầu lửa, truyền thông... | ||
| 650 | |a Businessmen | ||
| 904 | |i Vương | ||
| 980 | |a Trung tâm Học liệu Trường Đại học Cần Thơ | ||